| 000 | 00384nam a22001577a 4500 | ||
|---|---|---|---|
| 003 | OSt | ||
| 005 | 20211015143732.0 | ||
| 008 | 211015b |||||||| |||| 00| 0 eng d | ||
| 040 | _chu | ||
| 082 |
_22nd _a301.15 |
||
| 100 |
_ahenry clay lindgren _913943 |
||
| 245 | _aAN INTRODUCTION TO SOCIOL PSYCHOLOGY | ||
| 260 |
_aNEW DELHI _bHALL _c1969 |
||
| 300 | _a497 | ||
| 942 |
_2ddc _cBOOKS _n0 |
||
| 999 |
_c13021 _d13021 |
||